Регионална библиотека "Любен Каравелов" - Русе

Филип Кутев (Запис номер 117251)

MARC детайли
000 -Лидер
Контролно поле с фиксирана дължина 01450nam a2200385 c 4500
003 - Код на организацията, давaща контролен номер
Контролно поле BLK
005 - Дата и час на последна редакция
Контролно поле 20230801005225.0
008 - Елементи от данни с фиксирана дължина
fixed length control field 180409b bul|||||r ||||||| ||bul||
010 ## - Наследен системен номер
LC control number KNG00122837000
040 ## - Източник на каталожния запис
Идентификатор на билиотеката - собственик на записа BLK
041 ## - Код за език
Код за езика на текст/звукозапис или на отделно заглавие Български
Код за езика КДБФ Български
080 ## - УДК
Текстов определител УДК Музиканти-творци, композитори
УДК код - определител по УДК 78.071.1
УДК определител (497.2)(092)
УДК - код + определител 78.071.1(497.2)(092)
080 ## - УДК
Текстов определител УДК
УДК код - определител по УДК 929 Кутев, Филип Тенев
УДК определител
УДК - код + определител 929 Кутев, Филип Тенев
100 1# - Редна дума - Автор
Автор Стоянов, Стоян Иванов
Авторска отговорност първи автор
R(LIN) 370015
139 ## - Редно поле
Редна дума Стоянов, Стоян Иванов
Авторски знак Куп - К 94
245 10 - Сведения за заглавието
Заглавие Филип Кутев
Подзаглавни данни Биогр. очерк
Редно поле (дума) Стоян Иванов Стоянов.
257 ## - Страна на издаване
Страна на създаване/издаване България
260 ## - Област на издателските данни
-- София
Име на издателя, разпространителя и проч. Наука и изкуство
Година на издаване 1965
300 ## - Физическа характеристика
Страници 86 с.
Размери/Мащаб 16 см
380 ## - Жанр
Жанр Изкуство
490 1# - СЕРИИ (Колекции)
Име на серия Български композитори
600 #0 - Име на лице, използвано като предмет
За него / За нея Кутев, Филип Тенев
Свързани дати 1903-1982
9 (RLIN) 387712
650 #4 - Допълнително описание по предмет – тема
Основно описание – тема или топоним Композитори, български - биографии
9 (RLIN) 261390
651 #4 - Допълнително описание по предмет - топоним
Географско понятие България
9 (RLIN) 241624
653 ## - Ключова дума – ненормативна
Ключова дума композитори
653 ## - Ключова дума – ненормативна
Ключова дума биографии
653 ## - Ключова дума – ненормативна
Ключова дума България
653 ## - Ключова дума – ненормативна
Ключова дума Филип Кутев
852 ## - Местоположение
Форматна сигнатура Цб І 7446
856 4# - Електронен адрес и достъп
Електронен формат pdf - файл
Път до файла /url/
856 4# - Електронен адрес и достъп
Електронен формат pdf - файл
Път до файла /url/
942 ## - АРТИКУЛИ
Вид на библиотечния материал Книги
Скрит в OPAC Не
944 ## - СЪЗДАВАНЕ И РЕДАКЦИЯ на ЗАПИСА
Създаване/Редакция Създаване
Дата на регистрацията/редакция 13.04.2011
Статус, дата на статуса CRON CRON
Служител, извършил регистрацията/редакцията
944 ## - СЪЗДАВАНЕ И РЕДАКЦИЯ на ЗАПИСА
Създаване/Редакция Редакция
Дата на регистрацията/редакция 15.04.2014
Статус, дата на статуса добави в АБ / 12.04.2011
Служител, извършил регистрацията/редакцията
999 ## - СИСТЕМНИ КОНТРОЛНИ НОМЕРА
Koha biblionumber 117251
Koha biblioitemnumber 117251
Наличности
Код за отписване Код за изгубен артикул Източник на класификационната схема Код за повреда Коз за рестрикции Код за отдаване Артикулен № Име на библиотеката - собственик Име на библиотеката, в която се намира в момента Статус (Текущо местоположение) Дата на вписване в системата Местоположение - отдел Цена в лева Инвентарен номер Систематично азбучна сигнатура Баркод Номер на екземпляра Цена в евро Служебна бележка Служебен тип на артикула
Изтеглен Не е изгубен Universal Decimal Classification Не е повреден без рестрикции заемане за дома 188985 Регионална библиотека "Любен Каравелов" Русе Регионална библиотека "Любен Каравелов" Русе Отдел Изкуство - подръчен фонд 1965-01-01 Отдел Изкуство - подръчен фонд 0.13 3015/67 78.071.1(497.2)(092)/К 94 3015/67 1 0.07 N: стар фонд Дата: 01.01.1965 Дата инв: 19.06.2012 Бележки инв: * Книги
  Не е изгубен Universal Decimal Classification Не е повреден само за читалня ползва се в читалня 188986 Регионална библиотека "Любен Каравелов" Русе Регионална библиотека "Любен Каравелов" Русе Хранилище 1965-01-01 Хранилище 0.13 7473/65 Цб І 7446 900000028783 2 0.07 Дост: Dp Вид: Д N: сф Дата: 01.01.1965 Книги
Изтеглен Не е изгубен Universal Decimal Classification Не е повреден без рестрикции заемане за дома 188987 Регионална библиотека "Любен Каравелов" Русе Регионална библиотека "Любен Каравелов" Русе Отдел Изкуство - подръчен фонд 1965-01-01 Отдел Изкуство - подръчен фонд 0.13 3013/67 78.071.1(497.2)(092)/К 94 3013/67 3 0.07 Дост: Pk Вид: Ф N: сф Дата: 01.01.1965 Дата инв: 04.04.2017 Бележки инв: ИП2017 Книги
Изтеглен Не е изгубен Universal Decimal Classification Не е повреден без рестрикции заемане за дома 188988 Регионална библиотека "Любен Каравелов" Русе Регионална библиотека "Любен Каравелов" Русе Отчислена 1965-01-01 Отдел Изкуство - подръчен фонд 0.13 3016/67 78.071.1(497.2)(092)/К 94 3016/67 4 0.07 Дост: Pk Вид: Ф N: сф Дата: 01.01.1965 Книги
  Не е изгубен Universal Decimal Classification Не е повреден без рестрикции заемане за дома 188989 Регионална библиотека "Любен Каравелов" Русе Регионална библиотека "Любен Каравелов" Русе Отдел Изкуство - подръчен фонд 1965-01-01 Отдел Изкуство - подръчен фонд 0.13 3017/67 78.071.1(497.2)(092)/К 94 900000003017 5 0.07 Дост: Pk Вид: Ф N: сф Дата: 01.01.1965 Дата инв: 04.04.2017 Бележки инв: ИП2017 Книги
Изтеглен Не е изгубен Universal Decimal Classification Не е повреден без рестрикции заемане за дома 188990 Регионална библиотека "Любен Каравелов" Русе Регионална библиотека "Любен Каравелов" Русе Отдел Изкуство - подръчен фонд 1965-01-01 Отдел Изкуство - подръчен фонд 1.50 665302 78.071.1(497.2)(092)/К 94 665302 6 0.77 Дост: Pk Вид: Ф N: сф Дата: 01.01.1965 Дата инв: 04.04.2017 Бележки инв: ИП2017 Книги
Vip Innovations Ltd, Rousse, Bulgaria 2025